000 00340nam a2200157Ia 4500
005 20250425161119.0
008 250425s9999 xx 000 0 und d
041 _aeng
082 _aIBM4381
245 0 _aFISH PHYSIOLOGY
250 _aS.E.
260 _aS.L.
260 _aSin Pais
_bACPR INC.
_c1978
942 _c01
010 _a12976
999 _c202700
_d202700